Dodgers 2021 Roster - Statistics

General Stats
  • This quiz has been taken 3 times
  • The average score is 13 of 59
Answer Stats
Position Number Name % Correct
Manager 30 Dave Roberts
100%
Outfielder 11 AJ Pollock
67%
Pitcher 51 Alex Vesia
67%
Outfielder 3 Chris Taylor
67%
Pitcher 22 Clayton Kershaw
67%
Outfielder 35 Cody Bellinger
67%
Infielder 5 Corey Seager
67%
Infielder 9 Gavin Lux
67%
Infielder 10 Justin Turner
67%
Infielder 13 Max Muncy
67%
Pitcher 31 Max Scherzer
67%
Outfielder 50 Mookie Betts
67%
Infielder 6 Trea Turner
67%
Pitcher 49 Blake Treinen
33%
Pitcher 48 Brusdar Graterol
33%
Pitcher 33 David Price
33%
Pitcher 85 Dustin May
33%
Infielder 43 Edwin Rios
33%
Pitcher 7 Julio Urias
33%
Pitcher 74 Kenley Jansen
33%
Pitcher 66 Mitch White
33%
Pitcher 52 Phil Bickford
33%
Pitcher 27 Trevor Bauer
33%
Pitcher 21 Walker Buehler
33%
Infielder 55 Albert Pujols
0%
Pitcher 94 Andre Jackson
0%
Pitcher 68 Andrew Vasquez
0%
Infielder 29 Andy Burns
0%
Outfielder 29 Billy McKinney
0%
Pitcher 71 Conner Greene
0%
Pitcher 46 Corey Knebel
0%
Pitcher 62 Darien Núñez
0%
Pitcher 77 Dennis Santana
0%
Outfielder 70/38 DJ Peters
0%
Pitcher 92 Edwin Uceta
0%
Pitcher 59 Evan Phillips
0%
Pitcher 61 Garrett Cleavinger
0%
Pitcher 57 Jake Reed
0%
Pitcher 58 Jimmie Sherfy
0%
Pitcher 40 Jimmy Nelson
0%
Pitcher 17 Joe Kelly
0%
Pitcher 41 Josiah Gray
0%
Pitcher 63 Justin Bruihl
0%
Pitcher 41 Kevin Quackenbush
0%
Outfielder 62/37 Luke Raley
0%
Infielder 45 Matt Beaty
0%
Pitcher 59 Mike Kickham
0%
Pitcher 41 Nate Jones
0%
Pitcher 25 Neftalí Feliz
0%
Pitcher 75 Scott Alexander
0%
Pitcher 28 Shane Greene
0%
Infielder 56 Sheldon Neuse
0%
Outfielder 23/18 Steven Souza Jr.
0%
Pitcher 26 Tony Gonsolin
0%
Pitcher 81 Victor Gonzalez
0%
Pitcher 67 Yefry Ramirez
0%
Outfielder 28 Yoshi Tsutsugo
0%
Infielder 8 Zach McKinstry
0%
Outfielder 84 Zach Reks
0%
No matching quizzes found
Score Distribution
Percent of People with Each Score
Percentile by Number Answered
Your Score History
You have not taken this quiz